| 000 | 01417nam0a2200361 4500 | ||
|---|---|---|---|
| 001 | RU\NLR\BIBL_A\012183900 | ||
| 005 | 20200203114107.0 | ||
| 010 |
_a978-5-04-108840-8 _91500 |
||
| 021 |
_aRU _bКН-П-19-095537 _9КН-П-19-7001 |
||
| 035 | _a(NLR Aleph) 012183900 | ||
| 035 | _a(RuMoRGB)010196704 | ||
| 090 |
_a12286879 _c12286879 |
||
| 100 | _a20200122d2019 e y0rusy50 ca | ||
| 101 | 0 | _arus | |
| 102 | _aRU | ||
| 105 | _ac z 000zb | ||
| 181 | 0 |
_ai _baxxe |
|
| 182 | 0 | _an | |
| 200 | 1 |
_aЕкатерина Великая. Императрица _eцарствование Екатерины II _fОльга Чайковская |
|
| 203 |
_aТекст _bвизуальный _cнепосредственный |
||
| 210 |
_aМосква _cЭксмо _cЯуза _d2019 |
||
| 215 |
_a380, [2] с. _cпортр. _d21 |
||
| 225 | 1 | _aСупер-премьеры кино и ТВ | |
| 333 | _a16+ | ||
| 600 | 1 |
_aЕкатерина _cимператрица российская _dII _f1729 - 1796 _91053825 _3RU\NLR\AUTH\66407813 |
|
| 686 | 1 | _aТ3(2)464,022.1 | |
| 700 | 1 |
_aЧайковская _bО. Г. _gОльга Георгиевна |
|
| 702 | 0 |
_4570 _7ca _8rus _aЕкатерина _cимператрица российская _dII _f1729-1796 _9112115 _3RU\NLR\AUTH\772098 |
|
| 942 | _cBOOK | ||
| 980 | _aNBR | ||
| 980 | _aNB | ||